15 most popular vegetables in the world - Statistics

General Stats
  • This quiz has been taken 115 times
  • The average score is 10 of 15
Answer Stats
Rank Answer % Correct
4. Carrot
95%
1. Tomato
94%
5. Potato
90%
9. Broccoli
89%
7. Cucumber
76%
2. Onion
76%
3. Lettuce
75%
10. Cauliflower
72%
15. Pepper
67%
14. Pea
65%
12. Corn
58%
13. Eggplant
48%
11. Green bean
46%
8. Squash
43%
6. Bell Pepper
21%
No matching quizzes found
Score Distribution
Percent of People with Each Score
Percentile by Number Answered
Your Score History
You have not taken this quiz